[Event "Tata Steel"]
[Site "Wijk aan Zee 74"]
[Date "2012.01.17"]
[Round "4"]
[White "Aronian, Levon"]
[Black "Kamsky, Gata"]
[Result "1-0"]
[WhiteElo "2805"]
[BlackElo "2732"]
[Annotator "JvR"]
[PlyCount "115"]
[EventDate "2012.01.??"]
[EventCountry "NED"]

1. Nf3 Nf6 2. c4 g6 3. Nc3 d5 4. cxd5 Nxd5 5. Qb3 Nb6 6. d4 Bg7 7. e4 O-O 8.
Be3 Bg4 9. Rd1 e6 10. Be2 Nc6 11. Ng1 Bxe2 12. Ngxe2 Qe7 13. O-O Rfd8 14. e5 h6
15. a3 Na5 $5 ({Known is} 15... Qd7) 16. Qc2 c5 17. dxc5 Nbc4 18. Bc1 Nxe5 19.
b4 {White has the pawn majority on the queenside.} Nac6 20. Ne4 a6 21. h3 $5 f5
$5 22. Nd6 Nf7 23. Nc4 e5 $5 {He could exchange the rooks.} 24. Rde1 Kh7 25.
Bb2 Re8 26. Nd4 $5 Nxd4 27. Bxd4 Rad8 28. Bb2 e4 29. Bxg7 Kxg7 30. f3 Qf6 31.
fxe4 Qd4+ 32. Kh2 Rxe4 33. Rxe4 Qxe4 (33... fxe4 $2 34. Rf4 Re8 35. Nd2 {
favours White.}) 34. Qxe4 fxe4 35. Kg3 Rd4 36. Na5 g5 $5 37. Kf2 Rd3 38. Re1 $5
Rxa3 39. Rxe4 Kf6 $6 (39... Nd8 $5 40. Rd4 Nc6 $1 41. Rd7+ Kf8 42. Nxc6 bxc6
43. Rd6 Ra4 44. Rxc6 Rxb4 45. Rxh6 a5 46. Rg6 g4 $1 {seems to be sufficient
for a draw.}) 40. Nxb7 Ne5 {Black has counter-play for the pawn.} 41. Rd4 Ke7
42. Nd6 Rb3 43. Nc8+ $5 Kf7 44. Nd6+ Ke6 $1 45. Nc4 $1 Nd3+ $2 {He should
exchange the knights.} ({Better is} 45... Nxc4 46. Rxc4 Kd7 47. Rd4+ Kc7 48.
Rd6 Kb7 $1 49. Rb6+ Ka7 50. Rxh6 Rxb4 51. Rh7+ Kb8 52. Rg7 a5 53. Rxg5 a4 {and
Black fights for survival in the rook ending (Krasenkow).}) 46. Kg1 Nf4 47.
Rd6+ Ke7 48. Ne5 Rb2 49. Rxa6 Rxg2+ 50. Kf1 Rb2 51. Rxh6 Nd5 52. Rd6 Ne3+ 53.
Ke1 Nc2+ 54. Kd1 Nxb4 55. Rb6 Kf8 56. Rb8+ Kg7 57. Nc4 Rb3 58. c6 {Aronian and
Carlsen shared the lead by 3/4.} 1-0

[Event "Tata Steel"]
[Site "Wijk aan Zee 74"]
[Date "2012.01.19"]
[Round "5"]
[White "Gashimov, Vugar"]
[Black "Ivanchuk, Vassily"]
[Result "0-1"]
[WhiteElo "2761"]
[BlackElo "2766"]
[Annotator "JvR"]
[PlyCount "70"]
[EventDate "2012.01.??"]
[EventCountry "NED"]

1. e4 g6 2. d4 d6 3. Nc3 Nf6 4. Bg5 Bg7 5. e5 Nfd7 6. f4 O-O 7. Nf3 Nb6 8. Be2
Nc6 9. O-O f6 10. exf6 exf6 11. Bh4 d5 12. Ne1 $5 {White has not achieved an
advantage in the opening.} Ne7 13. g4 $6 {He weakens the kingside.} Nc4 14.
Bxc4 dxc4 15. Ng2 b5 $1 {Ivanchuk goes forwards.} 16. Nxb5 Rb8 17. Nc3 Rxb2 18.
Na4 $5 Rb4 19. Nc5 $6 (19. c3 $5 Bxg4 $1 20. Qxg4 Rxa4 {(Marin)} 21. Ne3 $1 Qc8
22. Qg2 {brings counter-play for a pawn.}) 19... c3 20. Qe2 $2 (20. Nb3 {
defends the centre.}) 20... Nc6 $1 21. a3 Re8 $1 22. Qxe8+ $5 Qxe8 23. axb4
Bxg4 24. Bf2 Qd8 25. Nb3 Nxb4 26. Rxa7 Nxc2 27. Rc1 Qb8 28. Ra2 Nb4 29. Ra4 Nd5
30. Nc5 Bf8 31. Rca1 c2 32. Nd3 Qb5 33. Nc1 Bh3 34. Ra5 Qc4 35. R1a4 Qc3 {
Ivanchuk had scored his first win.} 0-1

[Event "Tata Steel"]
[Site "Wijk aan Zee 74"]
[Date "2012.01.20"]
[Round "6"]
[White "Radjabov, Teimour"]
[Black "Karjakin, Sergey"]
[Result "1-0"]
[WhiteElo "2773"]
[BlackElo "2769"]
[Annotator "JvR"]
[PlyCount "123"]
[EventDate "2012.01.??"]
[EventCountry "NED"]

1. d4 Nf6 2. c4 e6 3. Nf3 b6 4. g3 Ba6 5. Nbd2 d5 6. Bg2 Be7 7. O-O O-O 8. b3
c5 9. dxc5 bxc5 10. Ne5 Bb7 11. Bb2 Nbd7 12. e3 $5 (12. Nxd7 Qxd7 13. cxd5 {
ended as a draw in Oll - Khalifman, Parnu 1996.}) 12... Nxe5 13. Bxe5 Nd7 14.
Bb2 Bf6 15. Qc2 Qb6 16. cxd5 exd5 17. Rac1 Rac8 18. Rfd1 Rfd8 19. Bxf6 Nxf6 20.
Qf5 g6 $5 21. Qf4 Kg7 22. h4 a5 23. e4 $1 {He attacks the hanging pawns by a
temporary sacrifice.} dxe4 24. Nc4 $1 Qe6 25. Rxd8 Rxd8 26. Qc7 Qd5 $5 27. Ne3
Qd2 28. Rc2 Rd7 $5 29. Qxc5 Qe1+ 30. Kh2 h5 $2 31. Qe5 $1 {He applies a strong
pin.} Qb4 32. Rc5 $6 (32. Bh3 $1 {decides the game quickly.}) 32... Qd2 $6 33.
Rc2 Qb4 34. Qg5 $6 Nh7 35. Qf4 Qd4 36. Bh3 Re7 37. Rc7 Qf6 38. Rc5 Qb6 39. Rc2
Qa6 40. Rd2 Qf6 41. Qb8 Nf8 42. Qd8 Ne6 $2 (42... Re5 {protects pawn a5.}) 43.
Bxe6 Rxe6 44. Qxa5 Ba6 45. Nd5 Qe5 46. Qc7 Bd3 47. Qxe5+ Rxe5 48. Nf4 Ba6 49.
Nd5 Bd3 50. Nb4 Bf1 51. Nc2 Rb5 52. Ne3 Bd3 53. Rb2 Kf6 54. a4 Ra5 55. Ra2 Ke5
56. b4 Ra7 57. Ra3 Kd4 58. b5 Kc5 59. Rc3+ Kd4 $6 (59... Kb4 $5 60. b6 $1 Rb7
61. Rc7 $1 Ba6 62. Rxb7 Bxb7 63. g4 $1 {(Krasenkow)} hxg4 64. Nxg4 Kxa4 65. Ne5
Kb5 66. Nxf7 Kxb6 67. Kg3 Kc5 68. Kf4 Kd5 69. Kg5 $1 {wins for White.}) 60. b6
$1 Rxa4 61. b7 Rb4 62. Rc4+ $1 {Aronian took the sole lead again.} ({The
pointe is} 62. Rc4+ $1 Bxc4 63. Nc2+) 1-0

[Event "Tata Steel"]
[Site "Wijk aan Zee 74"]
[Date "2012.01.21"]
[Round "7"]
[White "Kamsky, Gata"]
[Black "Navara, David"]
[Result "1-0"]
[WhiteElo "2732"]
[BlackElo "2712"]
[Annotator "JvR"]
[PlyCount "93"]
[EventDate "2012.01.??"]
[EventCountry "NED"]

1. e4 e5 2. Nf3 Nc6 3. Bb5 Nf6 4. O-O Nxe4 5. d4 Nd6 6. Bxc6 dxc6 7. dxe5 Nf5
8. Qxd8+ Kxd8 9. h3 Ke8 10. Nc3 h5 11. Bf4 Be6 12. Rfd1 $5 Be7 13. Ng5 $1 Rh6
$5 14. Nxe6 Rxe6 {Black has a passive game.} 15. Kf1 Rd8 16. Rxd8+ Bxd8 17. Ne4
Be7 18. Re1 c5 $1 19. c4 Nd4 20. Nc3 Ra6 21. Rd1 c6 $5 22. Be3 b5 23. a3 b4 $2
(23... bxc4 $1 24. Bxd4 cxd4 25. Rxd4 Rb6 26. Na4 $5 c3 $1 27. Nxb6 cxb2 28.
Rd1 axb6 29. a4 Bg5 $1 30. Rb1 Bc1 {equalises.}) 24. axb4 cxb4 25. Bxd4 bxc3
26. Bxc3 Ra4 27. Ke2 Rxc4 28. Ra1 Bc5 {He protects his weaknesses.} 29. g3 $1
Bb6 $1 30. Kd3 Rc5 31. f4 Rb5 32. b4 g6 33. g4 {Kamsky moves forwards over a
broad front.} hxg4 34. hxg4 Kd7 35. f5 gxf5 36. gxf5 c5 $2 {This blunder will
cost a pawn.} ({Right is} 36... Ke8 $1 37. Ra2 Rd5+ 38. Ke4 Rd1 {and Black
defends himself properly.}) 37. Kc4 Kc6 38. Rd1 $1 Bc7 ({Kritz analyses} 38...
cxb4 39. Rd6+ Kb7 40. Kxb5 bxc3 41. Rd1 $1 Be3 42. Rd7+ Kc8 43. Rd3 Bd2 44. e6
{and White wins.}) 39. Rd5 $1 a6 40. Rxc5+ Rxc5+ 41. bxc5 a5 42. f6 $1 {He
triumphs in the bishop ending.} Kd7 43. Kd5 a4 44. c6+ Kd8 45. Bb4 Bb8 46. e6
Ke8 47. Bd6 {Aronian and Carlsen shared the lead.} 1-0

[Event "Tata Steel"]
[Site "Wijk aan Zee 74"]
[Date "2012.01.22"]
[Round "8"]
[White "Giri, Anish"]
[Black "Gashimov, Vugar"]
[Result "0-1"]
[WhiteElo "2714"]
[BlackElo "2761"]
[Annotator "JvR"]
[PlyCount "76"]
[EventDate "2012.01.??"]
[EventCountry "NED"]

1. e4 c5 2. Nf3 d6 3. d4 cxd4 4. Nxd4 Nf6 5. Nc3 a6 6. Bg5 Nbd7 7. Bc4 Qa5 8.
Qd2 e6 9. O-O-O b5 10. Bd5 b4 11. Bxa8 bxc3 12. bxc3 Qxa2 13. Qe2 Be7 $5 {
Gashimov delivers a novelty in a sharp variation.} 14. Kd2 $6 {He allows a
counter.} ({Preferable is} 14. h4 $1 Ne5 15. Kd2) 14... Nxe4+ $1 15. Qxe4 Bxg5+
16. f4 d5 $1 17. Ra1 $6 ({Better is} 17. Qe3 $1) 17... Qxa1 18. Rxa1 dxe4 19.
fxg5 h6 {Black has an edge.} 20. g6 $1 f5 21. Nxe6 Ke7 22. Nf4 {White has
regained the pawn.} Rd8 $6 (22... Nb6 $1 23. Nd5+ Nxd5 24. Bxd5 Rd8 25. c4 Rd6
{keeps more advantage (Postny).}) 23. Bd5 $6 (23. Nd5+ $1 Kf8 24. Ke3 Ne5 25.
h3 {defends properly.}) 23... Nb6 24. c4 Nxc4+ $1 25. Kc3 $6 (25. Ke2 Ne5 26.
c4 {offers more resistance.}) 25... Ne3 $1 26. Bf7 Rd6 27. Ra5 Bd7 28. Re5+ Kf6
29. Rc5 Kg5 $1 30. g3 Nf1 31. h4+ Kg4 32. Rd5 Rxd5 33. Nxd5 Kxg3 34. Nf6 e3 35.
Bc4 Bb5 36. Nh5+ Kf2 37. Nxg7 Bxc4 38. Kxc4 e2 {Giri started a number of
losses. The most remarkable event in Wijk aan Zee was the stranding by a ship
off the coast.} 0-1

[Event "Tata Steel"]
[Site "Wijk aan Zee 74"]
[Date "2012.01.24"]
[Round "9"]
[White "Aronian, Levon"]
[Black "Caruana, Fabiano"]
[Result "1-0"]
[WhiteElo "2805"]
[BlackElo "2736"]
[Annotator "JvR"]
[PlyCount "93"]
[EventDate "2012.01.??"]
[EventCountry "NED"]

1. Nf3 c5 2. c4 Nc6 3. Nc3 e5 4. e3 Nf6 5. d4 cxd4 6. exd4 e4 7. Ne5 Bb4 8. Be2
Qa5 9. O-O Nxe5 10. dxe5 Qxe5 11. Bd2 Bc5 12. Nb5 O-O 13. b4 Be7 14. f4 Qe6 $5
(14... Qb8 15. f5 d6 {was played in Kribben - Logdahl, corr. 2006.}) 15. Be3 $1
{White has sacrificed a pawn for the initiative.} Bxb4 $2 (15... Ne8 $1 16. f5
Qf6 17. a3 b6 {defends stubbornly.}) 16. Nc7 Qc6 17. Nxa8 {He has a rook for
two pawns temporarily.} b6 18. Rb1 $1 Bc5 19. Bxc5 bxc5 20. Rb8 Bb7 21. Rxf8+
Kxf8 22. Qb3 $1 {He has a winning advantage.} g6 23. Rb1 Bxa8 24. Qb8+ Kg7 25.
Qxa7 e3 26. Bf3 d5 27. Re1 $5 Qd6 28. Qxa8 d4 29. Qa3 Qxf4 30. Rf1 Qe5 31. Qd3
Qe8 32. g3 h5 33. Bg2 Qa4 34. a3 Qa5 35. Bf3 Qa6 36. Be2 Qa5 37. Qb1 Qd2 38.
Qe1 $6 Qa2 39. g4 $2 hxg4 $2 ({Black misses the opportunity} 39... Nxg4 $1 40.
Bxg4 hxg4 {(Marin).}) 40. Qg3 Qxe2 41. Qe5 d3 42. Rxf6 Kh6 43. Rxf7 Qe1+ 44.
Kg2 Qe2+ 45. Kg3 Qe1+ 46. Kxg4 Qg1+ 47. Kh3 {Aronian could take a lead of one
point on the field because Carlsen lost.} 1-0

[Event "Tata Steel"]
[Site "Wijk aan Zee 74"]
[Date "2012.01.25"]
[Round "10"]
[White "Giri, Anish"]
[Black "Aronian, Levon"]
[Result "0-1"]
[WhiteElo "2714"]
[BlackElo "2805"]
[Annotator "JvR"]
[PlyCount "86"]
[EventDate "2012.01.??"]
[EventCountry "NED"]

1. d4 d5 2. c4 e6 3. Nc3 Be7 4. Nf3 Nf6 5. Bf4 O-O 6. e3 Nbd7 7. Be2 dxc4 8.
O-O Nb6 $5 ({Usual is} 8... c5) 9. Qc2 Nh5 10. Be5 f6 11. Ng5 $1 fxg5 12. Bxh5
Bd7 $5 13. Bf3 Rxf3 $1 14. gxf3 Bd6 $5 {Aronian's second had analysed this
position in 2011.} 15. Qe4 Bc6 16. Qg4 Qe7 17. Bxd6 cxd6 18. Ne4 $5 (18. e4 {
occupies the centre.}) 18... h6 19. Qg3 d5 20. Nc3 $5 {Giri retreats.} Rf8 21.
Ne2 Rf5 22. Kg2 $6 ({Aronian had planned} 22. Qb8+ $5 Nc8) (22. Kh1 $1 Nd7 23.
f4 $1 {(the freeing move)} gxf4 24. Nxf4 e5 25. Ng6 Qf6 26. f4 $1 {defends
well.}) 22... Nd7 $1 23. Rh1 $2 ({Preferable is} 23. Rfd1 Nf8 24. Kf1) 23...
Nf8 $1 {A brilliant knight manouevre occurs.} 24. h4 $5 Ng6 $1 25. f4 Nxh4+ 26.
Kf1 Qb4 $1 {He attacks on two fronts.} 27. Rb1 Be8 $6 (27... Qd2 {continues
the charge.}) 28. Nc3 Qe7 $5 29. b4 Rf8 30. Rb2 Bg6 31. Ke1 Bd3 32. fxg5 Nf3+
33. Kd1 hxg5 34. Qh3 Qf6 35. Kc1 Bg6 36. a4 $6 (36. Na4 $5 Re8 37. b5 e5 38. b6
{offers more resistance.}) 36... Rd8 37. Ne2 e5 $1 38. Qg4 exd4 39. exd4 Re8
40. Qd7 c3 41. Ra2 Ne1 $3 {A magnificent sacrifice decides.} 42. Rxe1 Qf4+ $1
43. Kd1 ({The pointe is} 43. Nxf4 Rxe1#) 43... Qe4 {Aronian led by one point
on Ivanchuk.} 0-1

[Event "Tata Steel"]
[Site "Wijk aan Zee 74"]
[Date "2012.01.27"]
[Round "11"]
[White "Carlsen, Magnus"]
[Black "Topalov, Veselin"]
[Result "1-0"]
[WhiteElo "2835"]
[BlackElo "2770"]
[Annotator "JvR"]
[PlyCount "111"]
[EventDate "2012.01.??"]
[EventCountry "NED"]

1. e4 c5 2. Nf3 d6 3. Bb5+ Nd7 4. c3 Ngf6 5. Qe2 a6 6. Ba4 Qc7 7. O-O e5 8. d4
b5 $5 9. Bc2 cxd4 10. cxd4 Be7 11. Nc3 O-O 12. Bg5 h6 13. Bh4 Bb7 14. Rad1 Rac8
15. Bb3 Rfe8 16. dxe5 dxe5 17. Bg3 Bf8 18. h3 Nb6 19. Nh4 $5 Nc4 20. Nf5 $5 {
Carlsen makes sacrifice one.} Nxb2 21. Bh4 $5 {Number two is delivered.} Nxd1
22. Bxf6 Nxc3 {The captures continue.} 23. Qg4 Bxe4 $6 ({Better is} 23... Re6
$1 24. Nxh6+ Kh7 25. Nxf7 Qxf7 26. Bxe6 Qxf6 {and Black gains material.}) 24.
Nxh6+ $2 {The opportunism reminds of Tal.} (24. Nxg7 $1 Kh7 25. Nxe8 Rxe8 26.
Rd1 $1 {fights (Ramirez Alvarez).}) 24... Kh7 25. Bxf7 Qxf7 $2 (25... Bd3 $1
26. Re1 Ne2+ 27. Kh1 Nf4 {wins for Black.}) 26. Nxf7 gxf6 27. f4 Bg6 28. Qh4+
Kg7 29. fxe5 Ne4 30. Rxf6 $1 Bc5+ 31. Kh2 Nxf6 32. Qxf6+ Kh7 33. Ng5+ Kh6 34.
Ne6 $5 {White could force perpetual check.} Rxe6 35. Qxe6 Re8 36. Qf6 Be7 $2 {
He gives a pawn.} 37. Qxa6 b4 38. Qc4 Bf8 39. g4 Kh7 40. e6 Bd6+ {Carlsen has
a queen and three pawns for a rook and two bishops.} 41. Kg2 Be7 42. Qc7 Kg8
43. Kg3 Kf8 44. Qf4+ $5 Kg7 45. Qd4+ Kg8 46. h4 Rd8 47. Qc4 Bd3 $6 48. Qc6 Bb1
$2 {The tables turn.} ({Right is} 48... Kg7) 49. h5 $5 (49. Qb7 $1 Re8 50. Qd7
Kf8 51. Qd1 {ends the game (Ramirez Alvarez).}) 49... Bxa2 50. Qe4 $1 Kh8 51.
h6 $1 Bf6 52. e7 Re8 53. Qf4 $1 Bg7 54. hxg7+ Kxg7 55. g5 Kg8 56. Qf6 {Carlsen
and Radjabov joined the second place.} 1-0

[Event "Tata Steel"]
[Site "Wijk aan Zee 74"]
[Date "2012.01.27"]
[Round "11"]
[White "Van Wely, Loek"]
[Black "Karjakin, Sergey"]
[Result "0-1"]
[WhiteElo "2692"]
[BlackElo "2769"]
[Annotator "JvR"]
[PlyCount "110"]
[EventDate "2012.01.??"]
[EventCountry "NED"]

1. c4 Nf6 2. Nc3 e5 3. Nf3 Nc6 4. d3 d5 5. cxd5 Nxd5 6. e3 Be7 7. Be2 O-O 8.
O-O Be6 9. a3 a5 10. Qc2 f5 11. Na4 Qd6 $5 12. Rd1 Rad8 13. d4 $5 e4 $1 14. Nd2
Bf7 15. Nc3 $5 Qh6 {Black has the initiative.} 16. Nxd5 Bxd5 17. Bc4 Kh8 18.
Bxd5 Rxd5 19. Nf1 Rd6 20. b4 $5 axb4 21. axb4 Rd7 22. Bd2 $5 Bd6 $5 (22... Bxb4
23. d5 Rxd5 24. Bxb4 Nxb4 25. Qxc7 Rxd1 26. Rxd1 Nd3 27. Qxb7 {exchanges a lot.
}) 23. b5 Ne7 24. Ra7 b6 25. Rda1 Qe6 $1 26. Ra8 Rdd8 27. Rxd8 Rxd8 28. Ng3
Bxg3 29. hxg3 Nd5 30. Ra7 h6 31. Qa2 Qe8 32. Qc4 Qh5 33. Ra1 Kh7 34. Bb4 Qg6
35. Be1 h5 36. Rc1 h4 $1 {Black attacks on the kingside.} 37. gxh4 f4 $5 38.
Qe2 $2 (38. Bd2 f3 39. g3 Qf5 {(Marin)} 40. Kh2 g5 41. Rh1 {defends properly.})
38... f3 $1 39. Qf1 Qg4 40. g3 g5 $1 41. Kh2 gxh4 42. Qh3 Qxh3+ 43. Kxh3 hxg3
44. Kxg3 Rg8+ {Black has a won ending.} 45. Kh2 Rg2+ 46. Kh1 Rg6 47. Ra1 Rg8 $1
48. Rc1 Kg6 49. Rc6+ Kf7 50. Rh6 Ra8 51. Rh7+ Kg6 52. Rh4 Nf6 53. Bb4 Kg5 54.
Rf4 Ra1+ 55. Kh2 Ng4+ {Van Wely suffered a defeat after ten draws.} 0-1

[Event "Tata Steel"]
[Site "Wijk aan Zee 74"]
[Date "2012.01.28"]
[Round "12"]
[White "Gelfand, Boris"]
[Black "Aronian, Levon"]
[Result "0-1"]
[WhiteElo "2739"]
[BlackElo "2805"]
[Annotator "JvR"]
[PlyCount "106"]
[EventDate "2012.01.??"]
[EventCountry "NED"]

1. d4 d5 2. c4 e6 3. Nc3 Be7 4. Bf4 Nf6 5. e3 O-O 6. a3 Nbd7 7. Nb5 Ne8 8. Nf3
c6 9. Nc3 f5 10. h3 $5 Nd6 11. cxd5 exd5 12. Bd3 Nf6 13. Ne5 Nfe4 14. O-O Nf7
15. Qc2 Bd6 16. Bh2 Nxe5 17. Bxe5 Bxe5 18. dxe5 a5 $5 19. Na4 b5 $5 20. Nc5 $5
Qe7 21. Rac1 $5 Qxe5 22. f4 Qd6 23. Bxe4 fxe4 24. Nb3 Bd7 25. Qc5 Qg6 26. Kh2
h5 27. Nd4 Rac8 28. b4 {White blockades as compensation for the pawn.} axb4 29.
axb4 h4 30. Ne2 Rf6 31. Ra1 Rcf8 32. Qe7 R8f7 33. Qd8+ Kh7 34. Rg1 Qh6 35. Ra7
Rf8 36. Qc7 R6f7 37. Qe5 Re8 38. Qc3 g5 $1 39. Rf1 Qd6 40. Kg1 Ref8 41. Qc5 Qh6
42. f5 Kg8 43. f6 $6 g4 $1 44. hxg4 h3 45. Nf4 hxg2 $6 46. Kxg2 $2 (46. Nxg2 $1
Bxg4 47. Rf4 {fights for a draw.}) 46... Qxf6 47. Kg3 Rh7 48. g5 Qxg5+ 49. Kf2
Rxf4+ 50. exf4 Rh2+ 51. Ke3 Qg3+ 52. Kd4 Qg7+ 53. Ke3 Rh3+ {Aronian led by one
point on the field.} 0-1

[Event "Tata Steel"]
[Site "Wijk aan Zee 74"]
[Date "2012.01.29"]
[Round "13"]
[White "Caruana, Fabiano"]
[Black "Gelfand, Boris"]
[Result "1-0"]
[WhiteElo "2736"]
[BlackElo "2739"]
[Annotator "JvR"]
[PlyCount "95"]
[EventDate "2012.01.??"]
[EventCountry "NED"]

1. e4 e5 2. Nf3 Nf6 3. Nxe5 d6 4. Nf3 Nxe4 5. Nc3 Nxc3 6. dxc3 Be7 7. Be3 O-O
8. Qd2 Nd7 9. O-O-O Ne5 10. h4 c6 11. Bg5 f6 12. Bf4 Qa5 13. a3 Bg4 14. Be2 d5
$5 15. Nxe5 fxe5 16. Bxe5 Rxf2 17. Rde1 Bxe2 18. Rxe2 Rf7 19. g3 Raf8 20. Rhe1
Qd8 21. Qd4 b5 22. Kb1 Qd7 23. h5 Bg5 24. a4 Re8 $5 25. axb5 cxb5 26. Qd3 Rfe7
27. Bd4 Rxe2 28. Rxe2 Rxe2 29. Qxe2 Bf6 $2 30. Qf2 $2 ({They miss} 30. Bxa7 $1)
30... Bxd4 31. Qxd4 {White has little advantage in the queen ending.} h6 32. b3
Qf7 33. Qe5 a6 34. Kb2 Kh7 $2 ({Better is} 34... Qd7 35. Ka3 a5) 35. Qd6 $1
Qxh5 36. Qxa6 Qe8 37. Qb7 Qe5 $5 38. Qxb5 h5 $6 ({Black should try} 38... Qxg3
39. Qxd5 Kg6 {and he fights for his last chance.}) 39. Qd3+ Kh6 40. b4 g5 41.
b5 h4 42. gxh4 gxh4 43. b6 Qb8 44. Qa6 Qd6 45. Qb5 d4 46. b7 dxc3+ 47. Ka2 Qe6+
48. Ka1 {Young Caruana was becoming a top ten player. The final standings
became: Aronian 9/13, Carlsen, Radjabov and Caruana 8, Ivanchuk and Nakamura
71/2, Kamsky 7, Karjakin 61/2, Van Wely 51/2, Gelfand, Topalov and Gashimov 5,
Navara and Giri 41/2.} 1-0

[Event "Tata Steel B"]
[Site "Wijk aan Zee 74"]
[Date "2012.01.14"]
[Round "1"]
[White "L'Ami, Erwin"]
[Black "Tiviakov, Sergei"]
[Result "1-0"]
[WhiteElo "2596"]
[BlackElo "2677"]
[Annotator "JvR"]
[PlyCount "113"]
[EventDate "2012.01.??"]
[EventCountry "NED"]

{Two Dutchmen met in the first round of the B-group.} 1. d4 Nf6 2. c4 e6 3. Nf3
b6 4. g3 Bb7 5. Bg2 Be7 6. O-O O-O 7. Nc3 Ne4 8. Bd2 f5 9. Ne5 Nxc3 10. Bxc3
Bxg2 11. Kxg2 Bf6 12. Qd3 d5 13. Rfd1 $5 Qd6 14. Qf3 c6 15. Rac1 Nd7 $2 {This
move is refuted.} 16. Bb4 $1 Nxe5 $5 (16... Qxb4 17. Nxd7 Rf7 18. Nxf6+ Rxf6
19. cxd5 cxd5 20. Rc2 $1 {also favours White (L'Ami).}) 17. Bxd6 Nxf3 18. Bxf8
Nxd4 19. e3 Ne2 20. Rc2 Kxf8 21. Rxe2 {White has gained an exchange for a pawn.
} Ke7 22. Rc2 Kd6 23. b4 a5 $6 {White will conquer the b-file.} 24. cxd5 exd5
25. Rdc1 $1 Rc8 26. bxa5 bxa5 27. Rb1 $1 d4 $6 {He opens the position.} 28. Kf3
dxe3 29. Kxe3 Re8+ 30. Kf4 Bd4 31. Kxf5 Bxf2 32. Rd1+ Kc7 33. Rdd2 $1 Bb6 34.
Re2 Rf8+ 35. Kg4 Bd4 36. Re6 c5 37. Ra6 Kb7 38. Rxa5 Kc6 39. a4 Kd5 40. Ra7 Ke4
$5 {Desperation.} 41. a5 $1 Rc8 42. a6 c4 43. Rd7 c3 44. a7 Ra8 45. Ra2 Ke3 46.
Ra3 $1 {Zugzwang!} h6 ({The pointe is} 46... Kd3 47. Ra4 $1) 47. Ra2 Bf6 48.
Kf5 Bd4 49. Ke6 Bf6 50. Kf5 Bd4 51. g4 Bf6 52. h3 Bd4 53. h4 Bf6 54. g5 hxg5
55. hxg5 Bd4 56. Kg6 {The final zugzwang occurs.} Be5 57. Re7 {L'Ami had a
fine start and competed at the top. Eventually, Harikrishna won the B-group.}
1-0

[Event "Tata Steel"]
[Site "Wijk aan Zee 75"]
[Date "2013.01.12"]
[Round "1"]
[White "Harikrishna, Penteala"]
[Black "Giri, Anish"]
[Result "1-0"]
[WhiteElo "2698"]
[BlackElo "2720"]
[Annotator "JvR"]
[PlyCount "117"]
[EventDate "2013.01.??"]
[EventCountry "NED"]

{The seventy-fifth Tata Steel tournament was played in Wijk aan Zee from 12
until 27 i 2013. Many world class grandmasters participated in the Jubilee
event.} 1. e4 e6 2. d4 d5 3. Nc3 dxe4 4. Nxe4 Nd7 5. Nf3 Ngf6 6. Nxf6+ Nxf6 7.
g3 b6 8. Bg2 Bb7 9. O-O Bd6 10. Qe2 O-O 11. Rd1 h6 $5 12. c4 Qe7 13. Ne5 Bxg2
14. Kxg2 Bxe5 15. Qxe5 Rfd8 16. Qe2 Rd7 17. Be3 Rad8 18. Qf3 Ne8 19. b3 Nd6 20.
d5 $1 {White takes the initiative.} Nf5 21. Re1 Qf6 22. dxe6 fxe6 23. Bf4 Nh4+
$1 24. gxh4 Rf8 25. Rad1 Rxd1 $5 (25... Rdf7 $1 {forces the draw.}) 26. Rxd1
Qxf4 27. Qxf4 Rxf4 {White has a better rook ending.} 28. Kg3 Rf5 29. Rd8+ Kh7 (
29... Rf8 $6 30. Rxf8+ Kxf8 {leads to a difficult pawn ending.}) 30. Rd7 Rc5
31. Re7 $1 Kg6 $1 ({The alternative is} 31... e5 $6 32. Kf3 Kg6 33. Ke4 Kf6 34.
Rd7 h5 35. Rd5 $1 {and Black has problems.}) 32. Rxe6+ Kf7 33. Re4 a5 34. Kg4
Kf6 35. f4 c6 36. h5 b5 $1 37. a4 bxa4 38. bxa4 Rf5 39. Rd4 Rc5 40. h3 Ke6 41.
Re4+ Kf6 42. h4 Rf5 43. Re8 Rc5 44. Ra8 Ke6 45. Ra6 Kf6 $6 ({Better is} 45...
Kf7 $1 46. Kg3 Kf6 47. Kf3 Kf7 48. Ra7+ Kf8 {drawn (Sumets).}) 46. Ra7 $1 g6
47. hxg6 Kxg6 48. Ra8 Kf6 $2 {The decisive mistake.} (48... h5+ $1 49. Kf3 Kf5
{fights for the last chance.}) 49. Rf8+ Ke6 50. Re8+ Kf6 51. Re5 $1 Rxc4 52.
Rf5+ Ke6 53. Rxa5 Kf6 54. Ra8 c5 55. a5 Ra4 56. a6 c4 57. a7 Kg7 58. Kf3 c3 59.
Ke3 {The Dutch champion made a poor start.} 1-0

[Event "Tata Steel"]
[Site "Wijk aan Zee 75"]
[Date "2013.01.14"]
[Round "3"]
[White "Anand, Viswanathan"]
[Black "Caruana, Fabiano"]
[Result "1-0"]
[WhiteElo "2772"]
[BlackElo "2781"]
[Annotator "JvR"]
[PlyCount "81"]
[EventDate "2013.01.??"]
[EventCountry "NED"]

1. e4 e5 2. Nf3 Nc6 3. Bb5 a6 4. Ba4 Nf6 5. O-O Be7 6. d3 b5 7. Bb3 d6 8. a3
O-O 9. Nbd2 {Anand opens quietly.} Re8 $5 10. Re1 Bf8 11. Nf1 h6 12. Ne3 Be6
13. Bxe6 Rxe6 14. Nd5 Re8 15. c4 Nb8 $5 ({More active is} 15... Nd4 $1 16. Be3
c6) 16. Bd2 Nxd5 17. cxd5 c6 18. Qb3 cxd5 19. Qxd5 Nd7 20. Rac1 Qb8 21. Rc3 $5
Nf6 22. Qb3 Qb7 23. Rec1 Rac8 24. h3 Rxc3 25. Qxc3 d5 $1 26. Nxe5 dxe4 27. d4
Qd5 28. Be3 {White has the initiative.} Bd6 29. Ng4 Re6 $5 30. Nxf6+ Rxf6 31.
Kh1 $5 Be7 $6 (31... Bf4 32. Bxf4 Rxf4 {equalises.}) 32. Qc7 Re6 33. Qb8+ Kh7
34. Rc8 Bd6 $2 (34... Kg6 35. Qg3+ Kh7 36. Qb8 {brings a perpetual.}) 35. Rh8+
$1 Kg6 36. Qg8 $1 {White threatens Rxh6+!} Kf6 37. Rh7 Ke7 38. Qxg7 Qh5 39.
Bg5+ $1 Kd7 ({The pointe is} 39... Qxg5 40. Qxf7+ Kd8 41. Qd7# {(Postny).}) 40.
Qxf7+ Qxf7 41. Rxf7+ {Anand utilised the tactical chance.} (41. Rxf7+ Ke8 42.
Rf6 $1 {leads to a won endgame.}) 1-0